ბათუმის შოთა რუსთაველის სახელმწიფო უნივერსიტეტის ბიბლიოთეკა

ანთროპოლოგიური კვლევანი = Antropological researches : (ბიბ.ჩანაწერი № 57234)

000 -ლიდერი
ფიქსირებული სიგრძის საკონტროლო ველი 00995nam a22002177a 4500
003 - საკონტროლო ნომრის იდენტიფიკატორი
საკონტროლო ველი Ge_BSU
005 - ბოლო ოპერაციის თარიღი და დრო
საკონტროლო ველი 20200127103209.0
008 - ფიქსირებული სიგრძის მონაცემთა ელემენტები - ზოგადი ინფორმაცია
ფიქსირებული სიგრძის საკონტროლო ველი 200127s2017 ge ||||| |||| 00| 0 geo d
020 ## - წიგნის საერთაშორისო სტანდარტული ნომერი
International Standard Book Number 151202
041 ## - ენის კოდი
Language code of text/sound track or separate title geo
080 ## - უნივერსალური ათობითი კლასიფიკაციის ინდექსი
Universal Decimal Classification number 572(051.2) ა-65
245 ## - ცნობა სათაურის შესახებ
Title ანთროპოლოგიური კვლევანი = Antropological researches :
Remainder of title III /
Statement of responsibility, etc რედ : ნ. აბაკელია ; ქ. ხუციშვილი.
264 ## - წარმოების, გამოცემის, დისტრიბუციის და სხვა ცნობები
გამოცემის, წარმოების, დისტრიბუციის... ადგილი თბილისი :
გამოცემის, წარმოების, დისტრიბუციის... სახელწოდება უნივერსალი,
გამოცემის, წარმოების, დისტრიბუციის... თარიღი 2017.
300 ## - ფიზიკური აღწერა
Extent 241 გვ .:
Dimensions 25 სმ.
504 ## - BIBLIOGRAPHY, ETC. NOTE
Bibliography, etc ბიბლიოგრ. ტექტ.ბოლოს
653 ## - INDEX TERM--UNCONTROLLED
Uncontrolled term ანთროპოლოგია
700 ## - ADDED ENTRY--PERSONAL NAME
Personal name აბაკელია, ნ
Relator term რედაქტორი
9 (RLIN) 6373
700 ## - ADDED ENTRY--PERSONAL NAME
Personal name ხუციშვილი, ქ
Relator term რედაქტორი
9 (RLIN) 6374
710 ## - ADDED ENTRY--CORPORATE NAME
Relator term საქართველოს ანთროპოლოგთა ასოციაცია
9 (RLIN) 6375
942 ## - ADDED ENTRY ELEMENTS (KOHA)
Source of classification or shelving scheme
Koha item type წიგნი
ეგზემპლარები
ჩამოწერის სტატუსი დაკარგული ეგზემპლარის სტატუსი კლასიფიკაციის წყარო ან თაროზე გაწყობის სქემა დაზიანების სტატუსი არ გაიცემა მუდმივი მდებარეობა (დაცვის ადგილი) ამჟამინდელი ადგილსამყოფელი თაროზე განთავსების ადგილი შეძენის თარიღი ღირებულება, შესყიდვის ნორმალური ფასი სრული შენახვის შიფრი შტრიხკოდი ბოლო ოპერაციის თარიღი ეგზემპლარის მიმდევრობითი ნომერი (კეტერი?) ფასის ძალაში შესვლის თარიღი ეგზემპლარის სახეობა საჯარო შენიშვნა
          ბათუმის შოთა რუსთაველის სახელმწიფო უნივერსიტეტის მთავარი ბიბლიოთეკა ბათუმის შოთა რუსთაველის სახელმწიფო უნივერსიტეტის მთავარი ბიბლიოთეკა წიგნსაცავი 2020-01-27 7.00 572(051.2) ა-65 59545 2020-01-27 59545 2020-01-27 წიგნი 7.00